000 00787cab a2200229 4500
001 ABS39519
008 090401t1988 xxu||||| |||| 00| 0 eng d
035 _a(Sirsi) u17277
041 _aeng
100 _aWilson, R.
245 _aBitter harvest from the battlefields
260 _c1988
350 _a0
490 _aContract Journal
_v344(5674) 14 July 1988, 14-15(2)
520 _aReports on the problems faced by farmers seeking planning permission for housing development on farmland in the South East caused by current Government confusion over what type of development should be allowed under diversification .
650 _aALTERNATIVE USES
650 _aFARMING
650 _aGREEN BELT
690 _aPLANNING LAW AND PRACTICE
942 _n0
948 _c04/03/1997
999 _c11457
_d11457